[路線図付き] JR東日本 総武本線 駅名穴埋めクイズ - Statistics

General Stats
  • This quiz has been taken 1,011 times
  • The average score is 14 of 22
Answers on the Map
Answers color-coded by a green-red scale on the quiz's map according to % correct below.
 
Answer Stats
Answer % Correct
総武本線 千葉
99%
総武本線 銚子
94%
総武本線 東千葉
84%
総武本線 四街道
83%
総武本線 佐倉
83%
総武本線 成東
82%
総武本線 都賀
77%
総武本線 八街
72%
総武本線 物井
69%
総武本線 松岸
69%
総武本線
67%
総武本線 八日市場
64%
総武本線 南酒々井
63%
総武本線 横芝
57%
総武本線 日向
50%
総武本線 飯岡
49%
総武本線 榎戸
48%
総武本線 松尾
46%
総武本線 猿田
45%
総武本線 干潟
41%
総武本線 飯倉
40%
総武本線 倉橋
37%
No matching quizzes found
Score Distribution
Percent of People with Each Score
Percentile by Number Answered
Your Score History
You have not taken this quiz